Catálogo
 En Linea

Red giants and white dwarfs : (Registro nro. 40705)

Detalles MARC
000 -CABECERA
campo de control de longitud fija 00487nam a2200145 a 4500
001 - NÚMERO DE CONTROL
campo de control 000041215
005 - FECHA Y HORA DE LA ÚLTIMA TRANSACCIÓN
campo de control 20201002034719.0
008 - DATOS DE LONGITUD FIJA--INFORMACIÓN GENERAL
campo de control de longitud fija 130926s1967 nyua 000 0 spa d
040 ## - FUENTE DE LA CATALOGACIÓN
Centro catalogador/agencia de origen DO-SdBNP
Lengua de catalogación spa
Centro/agencia transcriptor BNPHU
082 ## - NÚMERO DE LA CLASIFICACIÓN DECIMAL DEWEY
Número de clasificación xxx
Número de documento/Ítem J39r
100 1# - ENTRADA PRINCIPAL--NOMBRE DE PERSONA
Nombre de persona Jastrow, Robert,
Fechas asociadas al nombre 1925-2008.
9 (RLIN) 67792
245 10 - MENCIÓN DE TÍTULO
Título Red giants and white dwarfs :
Resto del título the evolution of stars, planets, and life /
Mención de responsabilidad, etc. Robert Jastrow.
260 ## - PUBLICACIÓN, DISTRIBUCIÓN, ETC.
Lugar de publicación, distribución, etc. New York :
Nombre del editor, distribuidor, etc. Harper & Row,
Fecha de publicación, distribución, etc. 1967.
300 ## - DESCRIPCIÓN FÍSICA
Extensión xii, 176 p. :
Otras características físicas illus., retrs. ;
Dimensiones 25 cm.
Existencias
Estado de retiro Estado de pérdida Restricciones de uso No para préstamo Código de colección Localización permanente Ubicación/localización actual Ubicación en estantería Fecha de adquisición Número de inventario Total de préstamos Signatura topográfica completa Código de barras Fecha visto por última vez Precio válido a partir de Tipo de ítem Koha
      Excluido de préstamo Monografías: Libros y Folletos General General En catalogación 26.09.2013 LF1   xxx J39r 41215-10 25.06.2020 25.06.2020 No se presta

Con tecnología Koha